000 00663nam a2200229 a 4500
001 4050775
005 20180208080659.0
008 990224s1999 ohua s 001 0 eng
010 _a 99176810
020 _a0538889969
040 _aDLC
_cDLC
041 _aeng
080 _a658.1511 SKO
082 0 0 _a658.1511 SKO
_221
100 _a62
101 _aKM
245 0 0 _aManagement accounting /
_cK. Fred Skousen ... [et al.].
504 _aIncludes bibliographical references and indexes.
906 _a7
_bcbc
_corignew
_d3
_encip
_f19
_gy-gencatlg
942 _2ddc
_cBK
999 _c42157
_d42157